One Piece - Alle 7 Samurai der Meere - Statistiken

Allgemein
  • Dieses Quiz wurde 1.830 mal gespielt
    23 seit der letzten Aktualisierung
  • Das Durchschnittsergebnis liegt bei 7 aus 12
Antwortstatistiken
Status Name % Korrekt
Aktiv bis zur Auflösung Boa Hancock
86%
Ehemalig Don Quichotte de Flamingo
82%
Ehemalig Sir Crocodile
82%
Aktiv bis zur Auflösung Mihawk Dulacre / Falkenauge
77%
Ehemalig Jinbei
73%
Aktiv bis zur Auflösung Bartholomäus Bär
68%
Ehemalig Gecko Moria
68%
Aktiv bis zur Auflösung Buggy der Clown
64%
Ehemalig Marshall D. Teach / Blackbeard
59%
Ehemalig Trafalgar Law
55%
Aktiv bis zur Auflösung Edward Weevil
23%
Ehemalig Hanafuda
0%
Keine übereinstimmenden Quizze gefunden
Verteilung der Resultate
Anzahl Personen mit jedem Resultat
Perzentil nach korrekt beantworteten Fragen
Ihre Resultats-Entwicklung
Sie haben dieses Quiz seit der letzten Aktualisierung nicht gespielt